Movies that are "The" Something #2 - Statistics

General Stats
  • This quiz has been taken 293 times
    76 since last reset
  • The average score is 11 of 20
Answer Stats
Year Description Movie % Correct
1963 Gulls, sparrows, and crows attack people in Bodega Bay, California. The Birds
81%
2004 A family of superheroes is drawn into a conflict with a vengeful fan-turned-foe. The Incredibles
78%
1994 A magical wooden artifact transforms an ordinary man into a green-faced troublemaker. The Mask
75%
1967 An aimless young man is seduced by the older, and married, Mrs. Robinson. The Graduate
71%
2015 A man's crewmates leave him behind on another planet. The Martian
69%
1992 A former Secret Service agent must now protect a singer from an unknown stalker. The Bodyguard
65%
1982 Researchers in Antarctica face an alien that can assimilate and imitate other organisms. The Thing
58%
1977 Animated film in which two mice from an organization must free a young orphan girl. The Rescuers
54%
1967 Two men scheme to get rich by staging a musical about Hitler and the Nazis. The Producers
51%
2004 Howard Hughes produces films and runs an airline but struggles with OCD. The Aviator
50%
2012 The title character speaks for the trees, who are victims of deforestation. The Lorax
50%
1996 A rogue general takes over Alcatraz and threatens terrorism if his demands are not met. The Rock
50%
2013 A demonologist couple investigate the paranormal at a Rhode Island farmhouse. The Conjuring
47%
1983 Coming-of-age drama about rival teen gangs based on the S. E. Hinton novel The Outsiders
47%
1993 A group of boys must retrieve a prized baseball that is hit into a neighbor's yard. The Sandlot
47%
1989 Rescuers of a sunken submarine in the deep sea encounter strange phenomena. The Abyss
46%
2007 A thick cloud overtakes a town, and some citizens take shelter in a supermarket. The Mist
46%
2014 Two journalists go to North Korea and are recruited to assassinate Kim Jong Un. The Interview
44%
2006 Period mystery-romance about a magician in 1900s Vienna The Illusionist
28%
2006 Aronofsky film blending romance, metaphysics, and three interconnected timelines The Fountain
14%
No matching quizzes found
Score Distribution
Percent of People with Each Score
Percentile by Number Answered
Your Score History
You have not taken this quiz since the last reset